000 00187nam a2200085 4500
001 1253922
005 20251104104034.0
245 _aÜRKÜNÇ AYNANIN ARKASINDA
_cCAN AVAR
260 _bTİMAŞ
999 _c1253922
_d1253922